Para uma releitura do mestre Makarenko: notas de uma pedagogia concreta (Record no. 601445)
[ view plain ]
| 000 -CABECERA | |
|---|---|
| Campo de control de longitud fija | 00505nab a2200145Ia 4500 |
| 003 - IDENTIFICADOR DEL NÚMERO DE CONTROL | |
| Campo de control | ES-SlBCS |
| 005 - FECHA Y HORA DE LA ÚLTIMA TRANSACCIÓN | |
| Campo de control | 20210601133738.0 |
| 008 - CÓDIGOS DE INFORMACIÓN DE LONGITUD FIJA | |
| Campo de control de longitud fija | 140529s2004 xxu||||| |||| 00| 0 por d |
| 041 ## - CÓDIGO DE LENGUA | |
| Código de lengua del texto/banda sonora o título independiente | por |
| 100 1# - PUNTO DE ACCESO PRINCIPAL-NOMBRE DE PERSONA | |
| Nombre de persona | Rodrígues, Margarita Victoria |
| 9 (RLIN) | 209115 |
| 245 00 - MENCIÓN DE TÍTULO | |
| Título | Para uma releitura do mestre Makarenko: notas de uma pedagogia concreta |
| Mención de responsabilidad, etc. | Margarita Victoria Rodrígues |
| 600 14 - PUNTO DE ACCESO ADICIONAL DE MATERIA-NOMBRE DE PERSONA | |
| Nombre personal | Makarenko, Anton |
| 9 (RLIN) | 194896 |
| 773 0# - ENLACE AL DOCUMENTO FUENTE | |
| Título | Educaçao e Filosofia |
| Parte(s) relacionada(s) | vol. 18, nº. 35-36, 2004, págs. 311-330 |
| Número de control del registro relacionado | Rev1534 |
| 942 ## - ENTRADA DE ELEMENTOS AGREGADOS (KOHA) | |
| Koha [por defecto] tipo de item | Artículos de revista |
| Suprimido | Perdido | Estropeado | No para préstamo | Localización permanente | Localización actual | Localización en estantería | Fecha adquisición | Préstamos totales | Fecha última consulta | Fecha del precio de reemplazo | Tipo de item de Koha |
|---|---|---|---|---|---|---|---|---|---|---|---|
| San Esteban | San Esteban | Depósito de revistas | 11/07/2014 | 11/07/2014 | 11/07/2014 | Artículos de revista |
